Lose team lose! / (Record no. 15462)

MARC details
000 -LEADER
fixed length control field 00936nam a22002417a 4500
005 - DATE AND TIME OF LATEST TRANSACTION
control field 20080811093945.0
008 - FIXED-LENGTH DATA ELEMENTS--GENERAL INFORMATION
fixed length control field 080910t xxu||||| |||| 00| 0 eng d
010 ## - LIBRARY OF CONGRESS CONTROL NUMBER
LC control number B-284627
020 ## - INTERNATIONAL STANDARD BOOK NUMBER
International Standard Book Number 9780007251278
Terms of availability 95.00
035 ## - SYSTEM CONTROL NUMBER
System control number B-284627
040 ## - CATALOGING SOURCE
Original cataloging agency DPL
Language of cataloging EN
082 ## - DEWEY DECIMAL CLASSIFICATION NUMBER
Classification number S
100 ## - MAIN ENTRY--PERSONAL NAME
Personal name Stine, R.L.
245 ## - TITLE STATEMENT
Title Lose team lose! /
Statement of responsibility, etc by R.L. Stine;illustrated by Trip Park
260 ## - PUBLICATION, DISTRIBUTION, ETC. (IMPRINT)
Name of publisher, distributor, etc HarperCollins Publishers
Date of publication, distribution, etc 2006
Place of publication, distribution, etc New Delhi
270 ## - ADDRESS
Address 1A, Hamilton House, Cannaught Place,
City New Delhi
Postal code 110001
300 ## - PHYSICAL DESCRIPTION
Extent 124p.:
Dimensions 20 cm (pbk)
Other physical details ill.
490 ## - SERIES STATEMENT
Series statement Rotton School-4
700 ## - ADDED ENTRY--PERSONAL NAME
Personal name Park, Trip
942 ## - ADDED ENTRY ELEMENTS (KOHA)
Koha item type Children Books
Classification part S
Source of classification or shelving scheme Dewey Decimal Classification
Call number suffix STI
Holdings
Withdrawn status Lost status Damaged status Not for loan Collection code Home library Current library Date acquired Cost, normal purchase price Total Checkouts Total Renewals Full call number Barcode Date last seen Date checked out Copy number Cost, replacement price Price effective from Koha item type
        Fiction Vinoba Puri Vinoba Puri 11/09/2008 95.00 8 1 S STI B-284627 18/03/2023 17/03/2023 1 95.00 15/09/2008 Children Books

© Delhi Public Library
Hit Counter
free hit counter